Секретный журнал входящих бумаг по Трубецкому бастиону на 1901 год

Доступно только в Электронных читальных залах Найти на картеНа карте
RUSMARC
00003644nmc2a22002413x 450
0012318ca54-7527-45d0-b597-9c49a588b34a
00520210220025019.0
100##$a20200713l19001901k l0rusy0189 ca
1010#$arus
102##$aRU
105##$ay###
1222#$ad
2001#$aСекретный журнал входящих бумаг по Трубецкому бастиону на 1901 год
$j22 января 1900 г. - 31 декабря 1901 г.
215##$a24 л.
$d36,5х26 см
251##$cДело
300##$aДело
371##$aДокумент не является опубликованным и широко распространяемым
461#0$10017b64d590-6de0-42a1-9170-cada663b65f3
$12001
$aЖурналы Специального комитета по лесной части за 1905 год
$1251
$cДело
$1852
$j159
462#0$1001fb0ce1c5-aaf3-429f-bef7-f8fa39eb6681
$12001
$aЖурналы Специального комитета по лесной части за 1906 год
$1251
$cДело
$1852
$j160
801#0$aRU
$bРГИА
$c20200713
$gRCR
801#1$aRU
$bГлавНИВЦ
$c20200713
$2rusmarc
801#2$aRU
$bПБ им. Б.Н. Ельцина
$c20210220
$gRCR
$2rusmarc
850##$aРГИА
852##$aРГИА
$eФедеральное казенное учреждение "Российский государственный исторический архив" (РГИА)
$j1345
937##$hРГИА
$d12349228
$aASBIBLIO_SCAN
035##$aRusGRCC00009793
856##$uhttp://readingroom.main.prlib.ru/item.aspx?id_node=n157676677&mode=full
Формат отображения